00231nam a22000857a 4500041000800000080000700008100002600015245009300041650001100134 aeng a80 aГалай, О. М. aСборник упраж. и текстов по переводу с нем. язык.. aGerman